|
|
|
|
| LEADER |
00573cam a2200169 7i4500 |
| 001 |
0000048549 |
| 005 |
20190516090000.0 |
| 090 |
0 |
0 |
|a JQ719.A15
|b A36 1984
|
| 100 |
0 |
|
|a Ahmad Kamar
|
| 245 |
1 |
0 |
|a Malay and Indonesian leadership in perspective
|c Ahmad Kamar.
|
| 260 |
|
|
|a Petaling Jaya, Selangor:
|b Ahmad Kamar,
|c 1984.
|
| 300 |
|
|
|a 194 p.
|
| 500 |
|
|
|a Gift: Zainol Ahmad Resource Center
|
| 650 |
0 |
0 |
|a Leadership
|
| 650 |
0 |
0 |
|a Legitimacy of governments --
|z Malaysia
|
| 650 |
0 |
0 |
|a Legitimacy of governments --
|z Indonesia
|
| 999 |
|
|
|a 0000065877
|b BOK
|c OPEN SHELF
|e 1st Floor, Bestari Jaya
|